Fundamentos de derecho de marcas /

Guardado en:
Autor Principal: Fernandez - Novoa, Carlos
Formato: Libro
Idioma:Spanish
Publicado: Madrid : Montecorvo, 1984
Etiquetas: Agregar Etiqueta
Sin Etiquetas, Sea el primero en etiquetar este registro!
LEADER 00401nam a22001335a 4500
001 DER.der001597
005 20140403000000.0
008 180615s1984####||||||||||||||||||||spa||
020 |a 84-7111-201-9 
100 1 |a Fernandez - Novoa, Carlos 
245 1 0 |a Fundamentos de derecho de marcas /  |c Carlos Fernandez - Novoa 
260 |a Madrid :  |b Montecorvo,  |c 1984 
300 0 |a 578 p. 
859 |a DERECHO  |b BIB. DERECHO  |i FER  |p 003660